Estatutos para el régimen y gobierno de los colegios de arquitectos : aprobados por Decreto de 18 de Junio de 1931 aprobados por Decreto de 18 de Junio de 1931
Descripción Física:
25 p. ; 19 cm
Otros Autores:
Col·legi d'Arquitectes de Barcelona
MARC
| LEADER | 00000nam a2200000Ia 4500 | ||
|---|---|---|---|
| 001 | 22581 | ||
| 008 | 160829s1931 xx 000 0 cat d | ||
| 080 | |a 4162, exp. 40 | ||
| 245 | |a Estatutos para el régimen y gobierno de los colegios de arquitectos : |b aprobados por Decreto de 18 de Junio de 1931 | ||
| 260 | |a Barcelona : |b Colegio de Arquitectos con capitalidad en Barcelona, |c 1931 | ||
| 300 | |a 25 p. ; |c 19 cm | ||
| 590 | |a A la part inferior del títol: Comprende las provincias de: Barcelona, Lérida, Gerona, Tarragona, Zaragoza, Huesca, Teruel, Logroño y Baleares | ||
| 650 | |a Col·legi d'Arquitectes de Barcelona |x Estatuts |9 48307 | ||
| 700 | |a Col·legi d'Arquitectes de Barcelona |9 48306 | ||
| 901 | |a Arxiu | ||
| 942 | |n 1 | ||
| 952 | |0 0 |1 0 |4 0 |6 4162_EXP_40 |7 1 |9 54457 |a Arxiu |b Arxiu |d 2016-12-01 |l 0 |o 4162, exp. 40 |p 22581 |r 2016-12-01 00:00:00 |w 2016-12-01 |y ARXIU | ||
| 999 | |c 58326 |d 58326 | ||